00685nam a2200241 a 4500001001300000003000900013005001700022008004100039020001000080082001700090100002000107245002100127260004000148300000900188500003500197505001300232650002600245700002000271902000800291942000700299952012000306999001700426nice12345678IN_TiNIC20260116015210.0050524s1938 lona grp 000 0 eng  ac10000a294.592bMAC aMacnicol, Nicol aHindu Scriptures aLondonbJ. M. Dent & Sons Ltdc1938 a293p aincludes index and biblioraphy2 aGlossary aHinduism-Sacred Books1 aMacnicol, Nicol bSRS cBK 001040708StackRoom-aHMIbHMId2007-10-22g100.00l0o294.592 MACp11000010r2007-10-22v100.00w2005-05-24yBK c18726d18726